[Event "VII. Marx Gyorgy Memorial"]
[Site "Paks"]
[Date "2009.09.25"]
[Round "1"]
[White "Ganguly, Surya Shekhar"]
[Black "Almasi, Zoltan"]
[Result "0-1"]
[WhiteElo "2634"]
[BlackElo "2685"]
[PlyCount "134"]
[EventDate "2009.??.??"]

1. e4 e5 2. Nf3 Nc6 3. Bb5 a6 4. Ba4 Nf6 5. O-O Be7 6. Re1 b5 7. Bb3 O-O 8. c3
d6 9. d4 Bg4 10. Be3 exd4 11. cxd4 Na5 12. Bc2 Nc4 13. Bc1 c5 14. b3 Nb6 15.
Nbd2 Nfd7 16. h3 Bh5 17. Bb2 Rc8 18. a4 bxa4 19. bxa4 cxd4 20. a5 Nc4 21. Nxc4
Rxc4 22. g4 Bg6 23. Bd3 Rc5 24. Nxd4 Bf6 25. f4 Rxa5 26. f5 Qb6 27. Rxa5 Qxb2
28. Nb3 Rb8 29. Qc2 Rxb3 30. Qxb2 Bxb2 31. Rd1 Kf8 32. Rxa6 Bd4+ 33. Kf1 Bc5
34. Raa1 Ne5 35. Ke2 h6 36. fxg6 Nxg6 37. Kd2 Bb4+ 38. Kc2 Rc3+ 39. Kb2 Ne5 40.
Bf1 Re3 41. Ra4 Bc5 42. Kc2 Ke7 43. Bg2 Kf6 44. Raa1 Kg5 45. Rab1 Nc4 46. Rd5+
Kg6 47. Rb3 Rxb3 48. Kxb3 Ne3 49. e5 Nxd5 50. Bxd5 dxe5 51. Kc4 Bf2 52. Kd3 f6
53. Ke2 Bh4 54. Kf3 Kg5 55. Be6 Be1 56. Ke2 Bb4 57. Kf3 Kh4 58. Kg2 g6 59. Kf3
Kxh3 60. Bf7 g5 61. Bh5 f5 62. gxf5 Kh4 63. Be8 Be7 64. f6 Bxf6 65. Ke4 g4 66.
Kf5 g3 67. Bc6 Kh3 0-1

[Event "VII. Marx Gyorgy Memorial"]
[Site "Paks"]
[Date "2009.09.25"]
[Round "1"]
[White "Meier, Georg"]
[Black "Acs, Peter"]
[Result "1-0"]
[WhiteElo "2664"]
[BlackElo "2550"]
[PlyCount "77"]
[EventDate "2009.??.??"]

1. d4 Nf6 2. c4 e6 3. Nf3 d5 4. Nc3 dxc4 5. e4 Bb4 6. Bg5 c5 7. Bxc4 cxd4 8.
Nxd4 Bxc3+ 9. bxc3 Qa5 10. Bb5+ Bd7 11. Bxf6 gxf6 12. Bxd7+ Nxd7 13. O-O a6 14.
Rb1 Qc7 15. Qh5 Nc5 16. Rb4 Qe5 17. Qh4 Qg5 18. Qh3 Rg8 19. g3 h5 20. Rc4 Rc8
21. Nxe6 fxe6 22. Rxc5 Rxc5 23. Qxe6+ Kf8 24. Rd1 Kg7 25. h4 Qg6 26. Qe7+ Kh6
27. Qxc5 Qxe4 28. Rd6 Qf3 29. Qe5 Kg6 30. Qe6 Rg7 31. c4 Qf5 32. Qe8+ Kh6 33.
Kg2 b5 34. Rd5 Qg6 35. Qe3+ Kh7 36. cxb5 axb5 37. Rxb5 Rd7 38. Qf3 Kh6 39. a4
1-0

[Event "VII. Marx Gyorgy Memorial"]
[Site "Paks"]
[Date "2009.09.26"]
[Round "2"]
[White "Safarli, Eltaj"]
[Black "Ganguly, Surya Shekhar"]
[Result "1/2-1/2"]
[WhiteElo "2587"]
[BlackElo "2634"]
[PlyCount "91"]
[EventDate "2009.??.??"]

1. e4 e6 2. d4 d5 3. Nc3 Bb4 4. e5 c5 5. a3 Bxc3+ 6. bxc3 Ne7 7. a4 Qa5 8. Bd2
Nbc6 9. Nf3 Bd7 10. Bb5 a6 11. Be2 f6 12. c4 Qc7 13. cxd5 Nxd5 14. c4 Nde7 15.
exf6 gxf6 16. d5 exd5 17. cxd5 Nxd5 18. Qc2 Ncb4 19. Qe4+ Kd8 20. Bxb4 cxb4 21.
O-O Nc3 22. Qxb4 Nxe2+ 23. Kh1 Kc8 24. Rfe1 Re8 25. Qb2 Nf4 26. Rxe8+ Bxe8 27.
Rc1 Bc6 28. Qxf6 Kb8 29. a5 Nd3 30. Rc3 Nxf2+ 31. Kg1 Nh3+ 32. gxh3 Qxa5 33.
Rxc6 bxc6 34. Ne5 Qc7 35. Nxc6+ Kb7 36. Na5+ Qxa5 37. Qf3+ Kc7 38. Qf7+ Kc8 39.
Qe6+ Kd8 40. Qg8+ Kd7 41. Qf7+ Kc8 42. Qe6+ Kb8 43. Qe8+ Ka7 44. Qd7+ Kb6 45.
Qe6+ Kb7 46. Qe4+ 1/2-1/2

[Event "VII. Marx Gyorgy Memorial"]
[Site "Paks"]
[Date "2009.09.27"]
[Round "3"]
[White "Meier, Georg"]
[Black "Safarli, Eltaj"]
[Result "1/2-1/2"]
[WhiteElo "2664"]
[BlackElo "2587"]
[PlyCount "57"]
[EventDate "2009.??.??"]

1. Nf3 Nf6 2. c4 g6 3. Nc3 d5 4. cxd5 Nxd5 5. g3 Bg7 6. Bg2 Nb6 7. d3 O-O 8.
Be3 Na6 9. Qd2 h5 10. O-O Re8 11. Rab1 c6 12. Bh6 Bh8 13. Rfc1 Nc7 14. b4 a6
15. Ne4 Nbd5 16. a4 Ne6 17. Nc5 Nxc5 18. bxc5 a5 19. Ng5 f6 20. Ne4 Nb4 21. Qb2
Be6 22. Bd2 f5 23. Bc3 Bxc3 24. Nxc3 Qd4 25. Nd1 Red8 26. Qd2 Na2 27. Rc2 Nb4
28. Rcc1 Na2 29. Rc2 1/2-1/2

[Event "VII. Marx Gyorgy Memorial"]
[Site "Paks"]
[Date "2009.09.28"]
[Round "4"]
[White "Meier, Georg"]
[Black "Berkes, Ferenc"]
[Result "1-0"]
[WhiteElo "2664"]
[BlackElo "2663"]
[PlyCount "107"]
[EventDate "2009.??.??"]

1. d4 d5 2. c4 c6 3. Nf3 Nf6 4. e3 Bg4 5. h3 Bxf3 6. Qxf3 e6 7. Nc3 Nbd7 8. Bd2
Bd6 9. O-O-O Qe7 10. Kb1 O-O 11. g4 dxc4 12. Bxc4 Nd5 13. Ne2 a5 14. e4 N5b6
15. Bd3 e5 16. Qg2 Bb4 17. Bc1 c5 18. dxe5 c4 19. Bc2 c3 20. bxc3 Ba3 21. Ka1
Nc4 22. Qg3 a4 23. Nd4 Nc5 24. Qf4 Ne6 25. Qg3 Ra5 26. Bd3 Nxe5 27. Bxa3 Qxa3
28. Nb5 Qc5 29. Be2 Ng6 30. Rd5 Qe7 31. Qe3 Ngf4 32. Rd2 Qc5 33. Nd4 Nxe2 34.
Rxe2 Rc8 35. Nxe6 fxe6 36. Rb1 Qa3 37. Rc2 Rac5 38. Rxb7 Rc4 39. Qb6 Rxe4 40.
Rxg7+ Kh8 41. Rxh7+ Kg8 42. Qb1 Rxc3 43. Rc7 Rxc2 44. Rxc2 Qb4 45. Qxb4 Rxb4
46. f3 Kf7 47. Re2 Rd4 48. Kb2 Rd3 49. Rf2 Kf6 50. h4 Ke5 51. h5 Kf4 52. h6 a3+
53. Kc2 Rd8 54. Rh2 1-0

[Event "VII. Marx Gyorgy Memorial"]
[Site "Paks"]
[Date "2009.09.28"]
[Round "4"]
[White "Almasi, Zoltan"]
[Black "Safarli, Eltaj"]
[Result "1-0"]
[WhiteElo "2685"]
[BlackElo "2587"]
[PlyCount "159"]
[EventDate "2009.??.??"]

{corrected} 1. e4 c5 2. Nf3 d6 3. d4 cxd4 4. Nxd4 Nf6 5. Nc3 a6 6. Be2 e5 7.
Nb3 Be7 8. O-O O-O 9. a4 Be6 10. Bf3 Nbd7 11. Re1 Nb6 12. Nd2 Rc8 13. a5 Nc4
14. Nxc4 Rxc4 15. Be3 Qc7 16. Bb6 Qc6 17. Qd2 Rc8 18. Nd5 Bxd5 19. exd5 Qe8 20.
c3 Ra4 21. Rac1 Qb5 22. c4 Qb3 23. c5 dxc5 24. d6 Rd4 25. Qc3 Qxc3 26. bxc3
Rxd6 27. Rxe5 Rd7 28. g4 h6 29. h4 Bd6 30. Rf5 Re7 31. Rd1 Be5 32. g5 hxg5 33.
hxg5 Ne8 34. Bxb7 Rxb7 35. Rxe5 c4 36. Rd4 f6 37. Ree4 fxg5 38. Rxc4 Rbb8 39.
Rxc8 Rxc8 40. Re7 Nd6 41. Ra7 Rxc3 42. Rxa6 Ra3 43. Ra8+ Kh7 44. Bc5 Ra1+ 45.
Kg2 Nb5 46. Bb6 Ra3 47. Rd8 Ra2 48. Rd5 Na3 49. Rc5 Nc2 50. Rxg5 Ra3 51. Re5
Nb4 52. Rb5 Nc6 53. Rc5 Nb4 54. Rb5 Nc6 55. Kf1 Ra2 56. Ke1 Kg6 57. Kd1 Kf6 58.
Kc1 Ke6 59. Kb1 Ra4 60. Kb2 Kd7 61. Rg5 Kc8 62. Kb3 Ra1 63. Kc4 Kb7 64. Rxg7+
Ka6 65. Rg5 Ra3 66. Rf5 Ne7 67. Rf7 Nc6 68. Rf5 Ne7 69. Rf6 Ra4+ 70. Kc5 Nc8
71. f4 Ra1 72. Kc6 Rd1 73. Kc7 Rc1+ 74. Kb8 Kb5 75. Bc7 Ne7 76. Rb6+ Ka4 77. a6
Nd5 78. Rb7 Rg1 79. Bd8 Nb4 80. Rxb4+ 1-0

[Event "VII. Marx Gyorgy Memorial"]
[Site "Paks"]
[Date "2009.09.29"]
[Round "5"]
[White "Ganguly, Surya Shekhar"]
[Black "Meier, Georg"]
[Result "1-0"]
[WhiteElo "2634"]
[BlackElo "2664"]
[PlyCount "75"]
[EventDate "2009.??.??"]

1. d4 e6 2. c4 Nf6 3. Nc3 Bb4 4. Qc2 O-O 5. e4 d5 6. e5 Ne4 7. Bd3 c5 8. Nf3
cxd4 9. Nxd4 Nd7 10. Bf4 Qh4 11. g3 Qh3 12. O-O-O Nxc3 13. bxc3 Ba3+ 14. Kb1
Nb6 15. Bf1 Qh5 16. Be2 Qh3 17. Nf3 Nxc4 18. Ng5 Qh6 19. h4 Be7 20. Ka1 Na3 21.
Qc1 Bd7 22. h5 Nc2+ 23. Kb1 Na3+ 24. Kb2 Bb5 25. Bxb5 Nxb5 26. Ka1 g6 27. hxg6
Qxg6 28. Nxh7 Rfc8 29. Rh6 Qe4 30. Ng5 Qc4 31. Rdh1 d4 32. Ne4 Nxc3 33. Qc2 d3
34. Nf6+ Kf8 35. Rh8+ Kg7 36. R1h7+ Kg6 37. Rh6+ Kg7 38. Nh5# 1-0

[Event "VII. Marx Gyorgy Memorial"]
[Site "Paks"]
[Date "2009.10.01"]
[Round "6"]
[White "Berkes, Ferenc"]
[Black "Safarli, Eltaj"]
[Result "1/2-1/2"]
[WhiteElo "2663"]
[BlackElo "2587"]
[PlyCount "93"]
[EventDate "2009.??.??"]

1. d4 Nf6 2. c4 g6 3. Nc3 d5 4. Nf3 Bg7 5. Qb3 dxc4 6. Qxc4 O-O 7. e4 a6 8. Be2
b5 9. Qb3 c5 10. dxc5 Be6 11. Qc2 Nbd7 12. Be3 Rc8 13. Rd1 b4 14. Nd5 Bxd5 15.
exd5 Nxc5 16. O-O a5 17. h3 Nce4 18. Qb1 Nd6 19. Ba6 Ra8 20. Be2 Rc8 21. Rfe1
Nf5 22. Bc1 Rc5 23. g4 Nd6 24. Nd4 Qb6 25. Nb3 Rxd5 26. Be3 Rxd1 27. Rxd1 Qc7
28. Rc1 Qd8 29. Bf3 e6 30. Qd3 Nd5 31. Bxd5 exd5 32. Qxd5 Bxb2 33. Rd1 Nb7 34.
Qxd8 Nxd8 35. Nxa5 Ne6 36. Nc6 Bc3 37. Rb1 Ra8 38. Nxb4 Bxb4 39. Rxb4 Rxa2 40.
Bh6 Ra8 41. Rb7 Re8 42. Kg2 Nd4 43. Rd7 Nc6 44. Rc7 Ne7 45. Kg3 f6 46. Bd2 g5
47. Rb7 1/2-1/2

[Event "VII. Marx Gyorgy Memorial"]
[Site "Paks"]
[Date "2009.10.01"]
[Round "6"]
[White "Acs, Peter"]
[Black "Meier, Georg"]
[Result "1/2-1/2"]
[WhiteElo "2550"]
[BlackElo "2664"]
[PlyCount "55"]
[EventDate "2009.??.??"]

1. e4 e6 2. d4 d5 3. Nc3 dxe4 4. Nxe4 Nd7 5. Nf3 Ngf6 6. Nxf6+ Nxf6 7. Bg5 h6
8. Be3 Bd6 9. Bd3 b6 10. Ne5 O-O 11. Qf3 Nd5 12. g4 Bb7 13. Rg1 Nxe3 14. Qxe3
Qh4 15. O-O-O c5 16. g5 h5 17. Qe2 Qxh2 18. Rg3 g6 19. dxc5 Bxe5 20. Qxe5 Qxf2
21. c6 Bxc6 22. Rf1 Qh2 23. Bxg6 fxg6 24. Qxe6+ Kh8 25. Qe5+ Kg8 26. Qe6+ Kh8
27. Qe5+ Kg8 28. Qe6+ 1/2-1/2

[Event "VII. Marx Gyorgy Memorial"]
[Site "Paks"]
[Date "2009.10.02"]
[Round "7"]
[White "Acs, Peter"]
[Black "Berkes, Ferenc"]
[Result "1/2-1/2"]
[WhiteElo "2550"]
[BlackElo "2663"]
[PlyCount "200"]
[EventDate "2009.??.??"]

1. e4 c6 2. c4 d5 3. exd5 cxd5 4. cxd5 Nf6 5. Bb5+ Nbd7 6. Nc3 g6 7. d4 Bg7 8.
d6 exd6 9. Qe2+ Kf8 10. Nf3 h6 11. O-O Kg8 12. Bc4 Nf8 13. Re1 Ne6 14. h3 Kh7
15. d5 Nc5 16. Qe7 Bf5 17. Qxf7 Rf8 18. Qe7 Nfe4 19. Qxd8 Raxd8 20. Re3 Rde8
21. Bd2 Nxd2 22. Nxd2 Rxe3 23. fxe3 a6 24. Rc1 b5 25. Bf1 Rc8 26. Nd1 Re8 27.
b4 Nd3 28. Bxd3 Bxd3 29. Rc6 Be2 30. Nf2 Rxe3 31. Rxa6 Bc4 32. Nf3 Bxd5 33. Ng4
Re6 34. Ra7 Bxf3 35. gxf3 h5 36. Nf2 Kh6 37. Rb7 Bd4 38. Kf1 Re3 39. Ne4 d5 40.
Nd6 Rxf3+ 41. Ke2 Re3+ 42. Kd2 Ra3 43. Rxb5 Rxa2+ 44. Kd3 Bg1 45. Nf7+ Kg7 46.
Ng5 Ra3+ 47. Ke2 d4 48. h4 Be3 49. Nf3 Rb3 50. Rb6 Rb2+ 51. Kd3 Rf2 52. Ke4 Rg2
53. b5 Bf2 54. Rd6 Rg4+ 55. Kd3 Bxh4 56. Rxd4 Rg3 57. Ke4 Bf6 58. Rd7+ Kh6 59.
b6 Rg4+ 60. Kd5 Rb4 61. b7 h4 62. Rf7 h3 63. Rxf6 Rxb7 64. Ke4 Rb2 65. Rf8 Rb4+
66. Ke3 g5 67. Rh8+ Kg6 68. Rxh3 g4 69. Ne5+ Kg5 70. Rh8 Rb3+ 71. Ke4 Rb4+ 72.
Kd5 Rb5+ 73. Kd4 Rb4+ 74. Ke3 Rb3+ 75. Nd3 Ra3 76. Ke2 Ra2+ 77. Ke3 Ra3 78. Rh7
Kg6 79. Rd7 Kg5 80. Kf2 Kf5 81. Rd4 Ra1 82. Kg2 Rd1 83. Rd8 Kg5 84. Rg8+ Kh4
85. Nf2 Rd4 86. Rh8+ Kg5 87. Kg3 Ra4 88. Rg8+ Kf5 89. Nxg4 Ra3+ 90. Kh4 Ra1 91.
Rf8+ Ke4 92. Nf2+ Ke3 93. Kg5 Ra5+ 94. Kg4 Ra7 95. Kg3 Rg7+ 96. Ng4+ Ke4 97.
Re8+ Kd4 98. Kf3 Rf7+ 99. Ke2 Ra7 100. Nf6 Ra2+ 1/2-1/2

[Event "VII. Marx Gyorgy Memorial"]
[Site "Paks"]
[Date "2009.10.02"]
[Round "7"]
[White "Ganguly, Surya Shekhar"]
[Black "Safarli, Eltaj"]
[Result "1-0"]
[WhiteElo "2634"]
[BlackElo "2587"]
[PlyCount "69"]
[EventDate "2009.??.??"]

1. d4 Nf6 2. c4 g6 3. f3 d5 4. cxd5 Nxd5 5. e4 Nb6 6. Nc3 Bg7 7. Be3 O-O 8. Qd2
Nc6 9. O-O-O Qd6 10. Nb5 Qd7 11. Na3 Rd8 12. Ne2 Qe8 13. Qe1 f5 14. h3 fxe4 15.
fxe4 Be6 16. d5 Ne5 17. Bd4 Bf7 18. Qg3 Nbd7 19. Kb1 c6 20. Nf4 e6 21. dxc6
bxc6 22. Be2 Qe7 23. h4 h6 24. Nc4 Nxc4 25. Bxc4 Bxd4 26. Rxd4 Ne5 27. Rxd8+
Rxd8 28. Bb3 Qd6 29. Rd1 Qc7 30. Nd3 Rxd3 31. Rxd3 Qa5 32. Rd1 Kg7 33. Qf4 Qb5
34. g4 Nd3 35. Qd6 1-0

[Event "VII. Marx Gyorgy Memorial"]
[Site "Paks"]
[Date "2009.10.03"]
[Round "8"]
[White "Safarli, Eltaj"]
[Black "Meier, Georg"]
[Result "1/2-1/2"]
[WhiteElo "2587"]
[BlackElo "2664"]
[PlyCount "56"]
[EventDate "2009.??.??"]

1. e4 e6 2. d4 d5 3. Nc3 dxe4 4. Nxe4 Nd7 5. Nf3 Ngf6 6. Bg5 h6 7. Bh4 Be7 8.
Nxf6+ Bxf6 9. Bxf6 Qxf6 10. Qe2 O-O 11. O-O-O Rd8 12. Qe4 Qe7 13. Bc4 Nf6 14.
Qe2 a6 15. Ne5 Bd7 16. Kb1 c5 17. dxc5 Qxc5 18. Nxd7 Rxd7 19. Rxd7 Nxd7 20. Rd1
Nf6 21. Bd3 Kf8 22. f4 Rd8 23. g3 a5 24. Re1 b6 25. a3 Rd5 26. Bc4 Rd4 27. Bd3
Rd5 28. Bc4 Rd4 1/2-1/2

[Event "VII. Marx Gyorgy Memorial"]
[Site "Paks"]
[Date "2009.10.03"]
[Round "8"]
[White "Almasi, Zoltan"]
[Black "Acs, Peter"]
[Result "1/2-1/2"]
[WhiteElo "2685"]
[BlackElo "2550"]
[PlyCount "62"]
[EventDate "2009.??.??"]

1. e4 e5 2. Nf3 Nc6 3. Bb5 a6 4. Ba4 Nf6 5. O-O Nxe4 6. d4 b5 7. Bb3 d5 8. dxe5
Be6 9. Nbd2 Nc5 10. c3 d4 11. Bxe6 Nxe6 12. cxd4 Ncxd4 13. Ne4 Be7 14. Be3 Nf5
15. Qc2 O-O 16. Rad1 Nxe3 17. fxe3 Qc8 18. Nd4 Nxd4 19. exd4 Qe6 20. Rd3 f6 21.
Qxc7 fxe5 22. Qxe5 Rxf1+ 23. Kxf1 Rf8+ 24. Rf3 Qc4+ 25. Kf2 Bh4+ 26. Ke3 Qc1+
27. Kd3 Qb1+ 28. Ke3 Qe1+ 29. Kd3 Qb1+ 30. Ke3 Qg1+ 31. Kd3 Qb1+ 1/2-1/2

[Event "VII. Marx Gyorgy Memorial"]
[Site "Paks"]
[Date "2009.10.04"]
[Round "9"]
[White "Acs, Peter"]
[Black "Safarli, Eltaj"]
[Result "0-1"]
[WhiteElo "2550"]
[BlackElo "2587"]
[PlyCount "106"]
[EventDate "2009.??.??"]

1. e4 c5 2. Nf3 d6 3. c3 Nf6 4. Be2 g6 5. O-O Bg7 6. Bb5+ Nc6 7. Re1 Bg4 8. d3
Qb6 9. Ba4 Qa6 10. Nbd2 O-O 11. Bxc6 bxc6 12. h3 Be6 13. d4 cxd4 14. cxd4 c5
15. d5 Bd7 16. Nb1 Ba4 17. Qd2 Rab8 18. Nc3 Rb4 19. Rb1 Bb5 20. a3 Rb3 21. e5
Nd7 22. Qd1 Bc4 23. Bg5 Rfb8 24. Bxe7 dxe5 25. Nd2 Rxb2 26. Rxb2 Rxb2 27. Qg4
Bb5 28. Nxb5 f5 29. Qe2 Qxb5 30. Qxb5 Rxb5 31. Nc4 Rb3 32. f4 e4 33. g4 Rd3 34.
d6 Rc3 35. Ne5 Bxe5 36. fxe5 Nxe5 37. gxf5 Nf3+ 38. Kf1 Nxe1 39. d7 Rd3 40.
d8=Q+ Rxd8 41. Bxd8 Nc2 42. fxg6 hxg6 43. Be7 Nxa3 44. Bxc5 Nb5 45. Ke2 a5 46.
Ke3 a4 47. Kxe4 a3 48. Bxa3 Nxa3 49. Kf4 Kg7 50. Kg5 Nc4 51. h4 Nd6 52. h5 Nf7+
53. Kg4 g5 0-1

[Event "VII. Marx Gyorgy Memorial"]
[Site "Paks"]
[Date "2009.10.04"]
[Round "9"]
[White "Meier, Georg"]
[Black "Ganguly, Surya Shekhar"]
[Result "1/2-1/2"]
[WhiteElo "2664"]
[BlackElo "2634"]
[PlyCount "69"]
[EventDate "2009.??.??"]

1. d4 d5 2. c4 dxc4 3. Nf3 Nf6 4. e3 e6 5. Bxc4 c5 6. O-O a6 7. Bb3 Nc6 8. Nc3
Be7 9. dxc5 Qxd1 10. Rxd1 Bxc5 11. Bd2 Bd7 12. Rac1 Ba7 13. Be1 Ke7 14. e4 Ng4
15. Na4 Rhc8 16. Nc5 Nd4 17. Rxd4 Bxc5 18. Rxc5 Rxc5 19. Bb4 Rac8 20. Rc4 b6
21. e5 f5 22. exf6+ Nxf6 23. Ne5 Bb5 24. Bxc5+ Rxc5 25. Rxc5 bxc5 26. f4 Nd5
27. g3 Nb6 28. Kf2 h6 29. Bc2 a5 30. h4 Kd6 31. g4 Nd7 32. Nf3 Nf6 33. Ne5 Nd7
34. Nf3 Nf6 35. Ne5 1/2-1/2

[Event "VII. Marx Gyorgy Memorial"]
[Site "Paks"]
[Date "2009.10.05"]
[Round "10"]
[White "Berkes, Ferenc"]
[Black "Meier, Georg"]
[Result "1-0"]
[WhiteElo "2663"]
[BlackElo "2664"]
[PlyCount "83"]
[EventDate "2009.??.??"]

1. d4 e6 2. Nf3 Nf6 3. c4 d5 4. g3 dxc4 5. Bg2 a6 6. O-O Nc6 7. e3 Bd7 8. Nc3
Nd5 9. Nd2 Nb6 10. Qe2 Na5 11. Rd1 Bb4 12. Nde4 Bc6 13. Bd2 O-O 14. Nb1 Nd5 15.
Bxb4 Nxb4 16. Qd2 Qe7 17. Qc3 b6 18. Na3 Rfd8 19. Nxc4 Nxc4 20. Qxc4 Bd5 21.
Qc3 Nxa2 22. Rxa2 Bxa2 23. b3 c5 24. Qb2 cxd4 25. exd4 Bxb3 26. Qxb3 b5 27. d5
exd5 28. Nc3 Rab8 29. Nxd5 Qe6 30. Qb4 h6 31. Re1 a5 32. Qxa5 Qd6 33. Ne7+ Kf8
34. Nc6 Ra8 35. Qxb5 Re8 36. Ne5 Rad8 37. h4 Re7 38. Kh2 Rb8 39. Qa5 Rbe8 40.
Nc4 Qf6 41. Rxe7 Rxe7 42. Qd8+ 1-0

[Event "VII. Marx Gyorgy Memorial"]
[Site "Paks"]
[Date "2009.10.05"]
[Round "10"]
[White "Ganguly, Surya Shekhar"]
[Black "Acs, Peter"]
[Result "1/2-1/2"]
[WhiteElo "2634"]
[BlackElo "2550"]
[PlyCount "79"]
[EventDate "2009.??.??"]

1. e4 e5 2. Nf3 Nc6 3. d4 exd4 4. Nxd4 Bc5 5. Be3 Qf6 6. c3 Nge7 7. Bc4 Ne5 8.
Be2 Qg6 9. O-O d6 10. f4 Qxe4 11. Bf2 Bxd4 12. cxd4 N5g6 13. g3 O-O 14. Nc3 Qf5
15. d5 Bd7 16. Re1 Rfe8 17. Rc1 a6 18. Bf3 Rac8 19. a4 Kf8 20. a5 Ng8 21. Rxe8+
Rxe8 22. Ne2 Ne5 23. Nd4 Nxf3+ 24. Qxf3 Qg4 25. Rxc7 Qxf3 26. Nxf3 Bg4 27. Ne5
dxe5 28. Bc5+ Ne7 29. fxe5 Rc8 30. Bxe7+ Ke8 31. Rxb7 Bf3 32. Bd6 Bxd5 33. Re7+
Kd8 34. b4 Rc2 35. Ra7 Rg2+ 36. Kf1 Rxh2 37. Ke1 Bc4 38. Rc7 Re2+ 39. Kd1 Re4
40. Kd2 1/2-1/2

[Event "VII Marx Gyorgy Memorial WGM"]
[Site "Paks"]
[Date "2009.09.25"]
[Round "1"]
[White "Gara, Ticia"]
[Black "Dolukhanova, Evgeniya"]
[Result "0-1"]
[WhiteElo "2364"]
[BlackElo "2341"]
[PlyCount "166"]
[EventDate "2009.??.??"]

1. e4 c5 2. Nf3 Nc6 3. d4 cxd4 4. Nxd4 Nf6 5. Nc3 e5 6. Ndb5 d6 7. Bg5 a6 8.
Na3 b5 9. Bxf6 gxf6 10. Nd5 f5 11. c3 Bg7 12. Bd3 Be6 13. Qh5 O-O 14. Rd1 fxe4
15. Bxe4 f5 16. Nf6+ Qxf6 17. Bxc6 Rad8 18. Bd5 Bxd5 19. Rxd5 Qe6 20. Qd1 f4
21. O-O f3 22. gxf3 Bh6 23. f4 Bxf4 24. f3 Qh3 25. Qe2 Rf6 26. Rf2 Kf7 27. Kh1
Rg8 28. Rd1 Rh6 29. Rg1 Rxg1+ 30. Kxg1 Rg6+ 31. Kh1 Qh4 32. Nc2 Qg5 33. Rg2
Qxg2+ 34. Qxg2 Rxg2 35. Kxg2 Bc1 36. b3 Bd2 37. c4 bxc4 38. bxc4 Ke6 39. Kf2 a5
40. Ke2 Bf4 41. h3 Kf5 42. a4 Bg5 43. Na1 Bd8 44. Nb3 Bb6 45. Nd2 Kf4 46. Ne4
Bc5 47. h4 h6 48. h5 Bb4 49. Kf2 Ba3 50. Ng3 Bc5+ 51. Kg2 Bb4 52. Nf1 Be1 53.
Nh2 Kg5 54. Ng4 Kxh5 55. Nf6+ Kg6 56. Ne4 Bb4 57. Nf2 Kf5 58. Ng4 h5 59. Ne3+
Kg5 60. Nd5 Bc5 61. Kg3 h4+ 62. Kh3 Bd4 63. Kg2 Kf5 64. Kh3 Bf2 65. Kg2 Bc5 66.
Ne7+ Kf6 67. Nd5+ Kg5 68. Ne7 e4 69. fxe4 Kf4 70. Kh3 Kxe4 71. Kxh4 Kd3 72. Nc6
Bb6 73. Kg4 Kxc4 74. Kf3 d5 75. Ke2 Bc7 76. Ne7 d4 77. Nc6 Kc3 78. Ne7 Kc2 79.
Nd5 d3+ 80. Kf2 d2 81. Ne3+ Kd3 82. Nd1 Bb6+ 83. Kf1 Bd4 0-1

[Event "VII Marx Gyorgy Memorial WGM"]
[Site "Paks"]
[Date "2009.09.26"]
[Round "2"]
[White "Dolukhanova, Evgeniya"]
[Black "Toth, Lili"]
[Result "1/2-1/2"]
[WhiteElo "2341"]
[BlackElo "2171"]
[PlyCount "106"]
[EventDate "2009.??.??"]
[TimeControl "6030"]

1. e4 e6 2. d4 d5 3. Nc3 Bb4 4. e5 c5 5. a3 Bxc3+ 6. bxc3 Ne7 7. Nf3 Qa5 8. Bd2
Nbc6 9. Bd3 c4 10. Be2 Bd7 11. O-O f6 12. exf6 gxf6 13. Bh6 Rg8 14. Qd2 O-O-O
15. Bf4 Ng6 16. Bg3 e5 17. dxe5 fxe5 18. Rfd1 Bg4 19. Nd4 Bxe2 20. Nxc6 bxc6
21. Qxe2 Qxc3 22. Rab1 Rde8 23. Qh5 Re7 24. Re1 Rf8 25. Qh3+ Kd8 26. Rb8+ Kc7
27. Bxe5+ Qxe5 28. Rxe5 Rxe5 29. Rb1 Rfe8 30. g3 R8e7 31. Qh6 Re2 32. Rc1 Ne5
33. Qh5 Nd7 34. Kf1 R2e5 35. Qd1 Kd6 36. f4 Re3 37. Qd2 c3 38. Qd4 c5 39. Qh8
d4 40. Kg2 Re2+ 41. Kh3 Rd2 42. Qd8 Ree2 43. Rb1 Rxc2 44. Rb7 Re7 45. Rxa7 Rce2
46. Qc7+ Kd5 47. Qb7+ Kc4 48. Qa6+ Kb3 49. Qb5+ Kc2 50. Rxd7 Rxd7 51. Qxe2+ Kc1
52. Qf1+ Kd2 53. Qf2+ Kc1 1/2-1/2

[Event "VII Marx Gyorgy Memorial WGM"]
[Site "Paks"]
[Date "2009.09.26"]
[Round "2"]
[White "Vajda, Szidonia"]
[Black "Majdan, Joanna"]
[Result "1/2-1/2"]
[WhiteElo "2375"]
[BlackElo "2361"]
[PlyCount "50"]
[EventDate "2009.??.??"]

1. e4 c5 2. Nf3 d6 3. d4 Nf6 4. Nc3 cxd4 5. Nxd4 Bd7 6. g3 e5 7. Nde2 Bc6 8.
Bg2 Nbd7 9. O-O Be7 10. Nd5 Nxd5 11. exd5 Bb5 12. b3 Bxe2 13. Qxe2 O-O 14. c4
a5 15. f4 exf4 16. Bxf4 Bf6 17. Rab1 Qb6+ 18. Kh1 Rae8 19. Qg4 Ne5 20. Bxe5
Bxe5 21. Qd7 Rd8 22. Qe7 Rde8 23. Qd7 Rd8 24. Qe7 Rde8 25. Qd7 Rd8 1/2-1/2

[Event "VII Marx Gyorgy Memorial WGM"]
[Site "Paks"]
[Date "2009.09.26"]
[Round "2"]
[White "Gara, Ticia"]
[Black "Kochetkova, Julia"]
[Result "0-1"]
[WhiteElo "2364"]
[BlackElo "2305"]
[PlyCount "84"]
[EventDate "2009.??.??"]

1. e4 c5 2. Nf3 Nc6 3. d4 cxd4 4. Nxd4 e5 5. Nb5 d6 6. N1c3 a6 7. Na3 Be7 8.
Nd5 Nf6 9. Nxf6+ Bxf6 10. Nc4 O-O 11. Be3 Be7 12. Bb6 Qd7 13. Qd2 Qg4 14. f3
Qg6 15. Rd1 Be6 16. Nxd6 Rfd8 17. Bxd8 Rxd8 18. Bd3 Rxd6 19. O-O Rd8 20. Kh1
Bc5 21. a3 h6 22. b4 Bb6 23. a4 Bc4 24. f4 Bxd3 25. cxd3 exf4 26. Rxf4 Bc7 27.
Rh4 Nd4 28. Rf1 Be5 29. Qd1 Qd6 30. Qg4 Nc6 31. b5 axb5 32. axb5 Nb4 33. Qh5
Rd7 34. Rh3 Nxd3 35. Rhf3 Nf4 36. Qg4 Ne6 37. Rf5 Qd3 38. Qf3 Qxf3 39. gxf3 Bf4
40. Rd5 Rc7 41. Rf2 Rc1+ 42. Kg2 Be3 0-1

[Event "VII Marx Gyorgy Memorial WGM"]
[Site "Paks"]
[Date "2009.09.27"]
[Round "3"]
[White "Kochetkova, Julia"]
[Black "Dolukhanova, Evgeniya"]
[Result "1/2-1/2"]
[WhiteElo "2305"]
[BlackElo "2341"]
[PlyCount "58"]
[EventDate "2009.??.??"]

1. e4 c5 2. Nf3 Nc6 3. d4 cxd4 4. Nxd4 Nf6 5. Nc3 e5 6. Ndb5 d6 7. Bg5 a6 8.
Na3 b5 9. Nd5 Be7 10. Bxf6 Bxf6 11. c4 b4 12. Nc2 O-O 13. Ncxb4 Nxb4 14. Nxb4
Qb6 15. Nd5 Qxb2 16. Bd3 Bd8 17. O-O Be6 18. Qb3 Qxb3 19. axb3 Rb8 20. Rxa6
Rxb3 21. Rd1 Bxd5 22. cxd5 Bb6 23. Rb1 Rxb1+ 24. Bxb1 Rc8 25. Kf1 Bc5 26. Ke2
Kf8 27. f3 Rc7 28. Bd3 Ra7 29. Rxa7 Bxa7 1/2-1/2

[Event "VII Marx Gyorgy Memorial WGM"]
[Site "Paks"]
[Date "2009.09.27"]
[Round "3"]
[White "Majdan, Joanna"]
[Black "Gara, Ticia"]
[Result "0-1"]
[WhiteElo "2361"]
[BlackElo "2364"]
[PlyCount "58"]
[EventDate "2009.??.??"]

1. e4 c5 2. Nf3 d6 3. d4 cxd4 4. Nxd4 Nf6 5. Nc3 e6 6. Be3 Nc6 7. f4 Be7 8. Qf3
a6 9. O-O-O Qc7 10. h3 O-O 11. g4 Nxd4 12. Bxd4 b5 13. g5 Nd7 14. a3 Bb7 15.
Rg1 Rac8 16. Bd3 Nc5 17. f5 exf5 18. Qxf5 Nxd3+ 19. cxd3 g6 20. Qf2 Qd7 21. Kb1
a5 22. Qe1 b4 23. Nd5 Bxd5 24. exd5 bxa3 25. bxa3 Rb8+ 26. Bb2 Rb3 27. Qe4 Qa7
28. Rg2 Bxg5 29. Rxg5 Qf2 0-1

[Event "VII Marx Gyorgy Memorial WGM"]
[Site "Paks"]
[Date "2009.09.28"]
[Round "4"]
[White "Majdan, Joanna"]
[Black "Dolukhanova, Evgeniya"]
[Result "1-0"]
[WhiteElo "2361"]
[BlackElo "2341"]
[PlyCount "61"]
[EventDate "2009.??.??"]

1. e4 c5 2. Nf3 Nc6 3. d4 cxd4 4. Nxd4 e5 5. Nb5 d6 6. c4 a6 7. N5c3 Be7 8. Nd5
Nf6 9. Be3 Nxd5 10. cxd5 Nb8 11. Nd2 Nd7 12. Rc1 O-O 13. Qc2 f5 14. exf5 Nf6
15. Be2 Kh8 16. Bf3 b5 17. O-O Bb7 18. Qd3 Qd7 19. Rfd1 Rae8 20. h3 Bd8 21. Ne4
Nxd5 22. Nxd6 e4 23. Bxe4 Nxe3 24. Nxe8 Qxe8 25. Qxd8 Nxd1 26. Qxe8 Rxe8 27.
Bxb7 Nxb2 28. Bxa6 Nd3 29. Rd1 Nb2 30. Bxb5 Ra8 31. Rd2 1-0